[Event "Floripa Chess Open 2024"]
[Site "Florianopolis"]
[Date "2024.01.22"]
[Round "3.191"]
[White "Nicacio, Daniel Ramos"]
[Black "Bida, Jose Mateus"]
[Result "1-0"]
[WhiteElo "1479"]
[BlackElo "1800"]
[PlyCount "105"]
[EventDate "2024.01.20"]
[EventRounds "10"]
[EventCountry "BRA"]

1. e4 e6 2. d4 d5 3. exd5 exd5 4. Bf4 Nf6 5. Bd3 Bd6 ({RR} 5... Bg4 6. Ne2 Bd6
7. Bxd6 Qxd6 8. c3 O-O 9. O-O {1/2-1/2 (9) Lepelletier,B (2468)-Degraeve,J 
(2542) Besancon 1999}) 6. Bg3 ({RR} 6. Qf3 Qe7+ 7. Kf1 Nc6 8. c3 Bg4 9. Bxd6
Qxd6 10. Qg3 O-O-O 11. Qxd6 Rxd6 12. f3 Bh5 13. Nd2 Bg6 14. Bxg6 hxg6 15. Nh3
Re8 16. Kf2 Rde6 17. Rhe1 Rxe1 18. Rxe1 Rxe1 19. Kxe1 Kd7 20. Nb3 b6 {Schwab,R
(2140)-Bachofner,A (2184) Austria AUT 2018 1/2-1/2 (60)}) 6... O-O 7. c3 $146 (
{RR} 7. Ne2 Bg4 8. Bxd6 Qxd6 9. c3 Nbd7 10. O-O Bxe2 11. Qxe2 Rae8 12. Qd1 Re7
13. Nd2 Rfe8 14. f4 Qe6 15. Qf3 Qe3+ 16. Qxe3 Rxe3 17. Bf5 g6 18. Bh3 R8e7 19.
Nf3 c6 20. f5 Ne4 21. fxg6 hxg6 {Allard,S (1840)-Lamerant,H Bethune 2000 0-1 
(47)}) ({RR} 7. Ne2 Bg4 8. O-O Re8 9. f3 Bh5 10. c3 Qe7 11. Bxd6 Qxd6 12. Na3
c6 13. Qd2 Nbd7 14. Rae1 Nf8 15. Nf4 Bg6 16. Bxg6 hxg6 17. Nc2 Rxe1 18. Rxe1 g5
19. Nh3 g4 20. fxg4 Nxg4 21. Qf4 Qd7 {Voda,C-Smideliusz,M (1838) Miercurea
Ciuc 2008 0-1 (46)}) ({RR} 7. Nc3 c6 8. Nge2 Qc7 9. Qd2 Bg4 10. f3 Bh5 11. Nf4
Nbd7 12. Nce2 Rfe8 13. O-O Bg6 14. Nxg6 fxg6 15. Bxd6 Qxd6 16. c3 Re7 17. Rae1
Rae8 18. Ng3 Re6 19. Rxe6 Rxe6 20. Re1 Qe7 21. Rxe6 Qxe6 {Teuschler,
A-Lampersberger,E Graz 1996 0-1 (65)}) 7... Re8+ 8. Ne2 Bxg3 9. hxg3 Bg4 10. f3
Bh5 11. g4 Bg6 12. Bxg6 hxg6 13. Kf1 Qe7 14. Qd3 Nbd7 15. Nd2 c5 16. Re1 c4 17.
Qc2 Qe3 18. Qd1 Re6 19. Ng3 Qd3+ 20. Kg1 Rae8 21. Kh2 Ra6 22. Rxe8+ Nxe8 23.
Qe1 Re6 24. Qd1 Qe3 25. Ndf1 Qf2 26. Qd2 Qe1 27. Qxe1 Rxe1 28. Nd2 Re6 29. Kg1
Rb6 30. b3 Nd6 31. Kf2 cxb3 32. axb3 Rc6 33. Ne2 Rc8 34. Ra1 a6 35. Ke3 Ne8 36.
Kd3 Nc7 37. Ra5 b6 38. Ra1 b5 39. f4 Nb6 40. Nf3 f6 41. g5 Ra8 42. gxf6 gxf6
43. g4 a5 44. g5 Kf7 45. Rh1 a4 46. Rh7+ Kg8 47. Rxc7 a3 48. Nc1 a2 49. Nxa2
Rxa2 50. gxf6 Rf2 51. Ng5 Rxf4 52. Rg7+ Kh8 53. Rh7+ 1-0

[Event "Floripa Chess Open 2024"]
[Site "Florianopolis"]
[Date "2024.01.22"]
[Round "3.192"]
[White "Makowski, Silvia Cristina"]
[Black "Pereira, Francisco Neris"]
[Result "1/2-1/2"]
[WhiteElo "1054"]
[BlackElo "1474"]
[PlyCount "73"]
[EventDate "2024.01.20"]
[EventRounds "10"]
[EventCountry "BRA"]

1. e4 e5 2. Nf3 Nc6 3. d4 exd4 4. Nxd4 Nf6 5. Nxc6 bxc6 6. Bd3 d6 7. Nc3 Be7 8.
O-O O-O 9. Bg5 ({RR} 9. Ne2 Ng4 10. Nd4 Bf6 11. Be2 Bxd4 12. Qxd4 c5 13. Qc3
Rb8 14. Qg3 Ne5 15. b3 f5 16. exf5 Bxf5 17. Bb2 Ng6 18. Rfe1 Qd7 19. h4 Bxc2
20. h5 Nf4 21. Bf3 h6 22. Re3 Rf7 23. Rc1 Bh7 {Ivanovic,B (2444)-Sedlak,N 
(2564) Vrnjacka Banja 2006 1-0 (36)}) 9... Rb8 10. Rb1 ({RR} 10. b3 Nd7 11.
Bxe7 Qxe7 12. Qd2 Nc5 13. Rad1 a5 14. a4 Re8 15. f3 Qe5 16. Ne2 Qb2 17. Bc4 Be6
18. Bxe6 Nxe6 19. Qc3 Qxc3 20. Nxc3 Rb4 21. Rd2 Reb8 22. Rfd1 g6 23. Kf2 c5 24.
Nd5 R4b7 {Qashashvili,A (2505)-Tokman,A (2316) chess.com INT 2021 1-0 (34)})
10... a5 $146 ({RR} 10... Ng4 11. Bxe7 Qxe7 12. h3 Ne5 13. f4 Nxd3 14. cxd3 Rb6
15. f5 f6 16. Rf2 Ba6 17. b3 Rb4 18. a3 Rbb8 19. b4 Qd7 20. Rc1 Rfe8 21. Qc2
Kh8 22. Ne2 Rb6 23. Nf4 Qf7 24. d4 Qe7 25. Ne6 {Treybal,K-Dietze,M Prague 1934
1-0 (36)}) ({RR} 10... Ng4 11. Bf4 Bf6 12. Re1 Bd4 13. Bg3 Qf6 14. Qd2 h5 15.
e5 Bxe5 16. Ne4 Qd8 17. h3 h4 18. Bf4 Nf6 19. Bxe5 dxe5 20. Qe3 Nd5 21. Qxa7
Rb6 22. Qa5 f5 23. Nc3 e4 24. Bc4 Be6 25. Red1 {Sola,G (1951)-Martin,T (2016)
Torino 2008 1-0 (43)}) ({RR} 10... Re8 11. Qe2 Bb7 12. Be3 c5 13. f4 Bf8 14.
Bd2 g6 15. b3 Nxe4 16. Nxe4 d5 17. f5 dxe4 18. Bc4 Bd5 19. Bc3 Rb6 20. Bxd5
Qxd5 21. Rbd1 Qb7 22. Qc4 Qc8 23. fxg6 {1-0 (23) Wegmann,W (1863)-Walter,M 
(1690) Germany 2012}) 11. Qe2 Ng4 12. Bxe7 Qxe7 13. h3 Ne5 14. Rfe1 Be6 15. f4
Nxd3 16. cxd3 Rfe8 17. b3 Qf6 18. Qd2 Bd7 19. Re2 h5 20. Rf1 Qd4+ 21. Kh1 g6
22. Ref2 f6 23. Ne2 Qb4 24. Qxb4 axb4 25. h4 Kg7 26. Ng3 Bg4 27. f5 gxf5 28.
Nxf5+ Kg6 29. Ne3 Re6 30. Nxg4 hxg4 31. Rf5 Rb5 32. R1f4 Ree5 33. Rxg4+ Kf7 34.
Rf3 f5 35. Rgg3 Kf6 36. h5 Rb8 37. Rg6+ 1/2-1/2

[Event "Floripa Chess Open 2024"]
[Site "Florianopolis"]
[Date "2024.01.22"]
[Round "3.193"]
[White "Biazon, Heloise De Oliveira"]
[Black "Andersson, Cristian De Oliveir"]
[Result "0-1"]
[WhiteElo "1030"]
[BlackElo "1461"]
[PlyCount "67"]
[EventDate "2024.01.20"]
[EventRounds "10"]
[EventCountry "BRA"]

1. Nf3 d5 2. c4 e6 3. g3 Nf6 4. Bg2 dxc4 5. Qa4+ Bd7 6. Qxc4 c5 7. b3 $146 ({RR
} 7. Ne5 Qc7 8. d4 Nc6 9. Nxd7 Nxd7 10. dxc5 Bxc5 11. O-O Nd4 12. e3 Nc6 13.
Nc3 O-O 14. Rd1 Nce5 15. Qe2 Nf6 16. Bd2 Rad8 17. Ne4 Be7 18. Rac1 Qb8 19. Nc5
Bxc5 20. Rxc5 Nd3 21. Rc2 Qd6 {Stahlberg,G-Palau,L Buenos Aires 1939 1-0 (40)})
({RR} 7. Ne5 Qc8 8. O-O Nc6 9. Nxd7 Qxd7 10. Nc3 Be7 11. Qa4 Rc8 12. d3 O-O 13.
Be3 Rfd8 14. Rac1 b6 15. Rfd1 h6 16. h3 Ne8 17. Nb5 Bf6 18. b3 Nd6 19. Nxd6
Qxd6 20. Bxc6 Qxc6 21. Qg4 Kf8 {Nakamura,H (2814)-Eljanov,P (2717) Baku 2015 1/
2-1/2 (43)}) ({RR} 7. Ne5 Qc8 8. O-O Nc6 9. Nxd7 Qxd7 10. b3 Be7 11. Bb2 O-O
12. Rd1 Rfd8 13. Nc3 Rac8 14. Rac1 Nd4 15. e3 Nf5 16. Ne4 Nxe4 17. Qxe4 b5 18.
Qc2 Bf8 19. Be4 h6 20. a4 Nd6 21. axb5 Nxe4 {Kovalev,D (2487)-Golizadeh,A 
(2455) chess.com INT 2021 1-0 (42)}) ({RR} 7. Ne5 Nc6 8. Nxc6 Bxc6 9. Bxc6+
bxc6 10. O-O Rb8 11. d3 Be7 12. Qc2 Nd5 13. Nd2 h5 14. Nc4 h4 15. a3 hxg3 16.
hxg3 Bf6 17. Kg2 Bd4 18. Bd2 Kf8 19. Rh1 Rxh1 20. Rxh1 Kg8 21. e3 Bf6 {
Andersen,B-Haahr,T Aarhus 1959 1-0}) 7... Nc6 8. Bb2 Be7 9. a3 Rc8 10. O-O O-O
11. Nc3 a6 12. Ne4 Nxe4 13. Qxe4 Bf6 14. Bxf6 Qxf6 15. Rab1 Rc7 16. Rfc1 Ne7
17. Ne5 Rfc8 18. d3 Nf5 19. Nxd7 Rxd7 20. b4 Nd6 21. Qe3 c4 22. dxc4 Nxc4 23.
Qf4 Qxf4 24. gxf4 b5 25. a4 Rb8 26. axb5 axb5 27. Bc6 Rd2 28. e3 Kf8 29. Ra1
Rb2 30. Bxb5 Nd6 31. Bc6 R2xb4 32. Rd1 Ke7 33. Ra7+ Kf6 34. Kg2 0-1

[Event "Floripa Chess Open 2024"]
[Site "Florianopolis"]
[Date "2024.01.22"]
[Round "3.194"]
[White "Nagel, Yasmin Da Silva"]
[Black "De Oliveira Fernandes, Luis Felipe Araujo "]
[Result "1-0"]
[WhiteElo "1437"]
[BlackElo "1800"]
[PlyCount "69"]
[EventDate "2024.01.20"]
[EventRounds "10"]
[EventCountry "BRA"]

1. e4 c5 2. Nc3 d6 3. g3 Nc6 4. Bg2 Nf6 5. f4 e6 6. Nf3 Be7 7. d3 a6 8. a4 ({RR
} 8. h3 Qc7 9. g4 Nd7 10. Be3 b5 11. O-O Bb7 12. Ne2 Nb6 13. c3 d5 14. e5 h5
15. g5 O-O-O 16. d4 c4 17. Ng3 g6 18. Qc2 Kb8 19. Nh4 Bc8 20. Kh2 Ka7 21. Bf3
Bf8 22. Kh1 Ne7 {Khukhashvili,S (2320)-Javakhishvili,L (2421) Tbilisi 2007 1/
2-1/2 (40)}) 8... Qc7 9. O-O O-O 10. h3 h5 $146 ({RR} 10... b6 11. Kh2 Bb7 12.
Bd2 Rac8 13. Rc1 Rfd8 14. g4 d5 15. e5 Ne8 16. Qe1 Qd7 17. Nh4 f6 18. exf6 Bxf6
19. g5 Bd4 20. f5 exf5 21. Bxd5+ Kh8 22. Ng6+ {1-0 (22) Tran,T-Tran T Xuan,U
Dong Nai 1995}) ({RR} 10... Re8 11. g4 Bf8 12. Ne2 e5 13. g5 Nd7 14. f5 f6 15.
Ng3 fxg5 16. Nxg5 Nf6 17. Nh5 Be7 18. Nxf6+ gxf6 19. Qh5 Bxf5 20. Rxf5 fxg5 21.
Rf7 {1-0 (21) Winter Roach,A (2221)-Gafar,I (1984) Batumi GEO 2018}) ({RR} 
10... d5 11. g4 dxe4 12. dxe4 Rd8 13. Qe1 Nd4 14. Qf2 Rb8 15. f5 exf5 16. exf5
h6 17. Kh1 b5 18. axb5 axb5 19. Nxd4 Rxd4 20. Be3 Rd7 21. Rfd1 b4 22. Na4 Bb7
23. Bxb7 Qxb7+ 24. Qg2 Qb5 25. b3 {Schubert,S (2095)-Steinbacher,C (2030)
Germany 1996 0-1 (40)}) 11. Ng5 g6 12. g4 hxg4 13. hxg4 Bd7 14. Be3 Rae8 15.
Qf3 Kg7 16. Kf2 Qb6 17. b3 Qb4 18. Ne2 d5 19. e5 Nxe5 20. fxe5 Nxg4+ 21. Kg3
Nxe5 22. Qf4 Qxf4+ 23. Bxf4 Bf6 24. Rae1 Nc6 25. Rh1 Bxg5 26. Bxg5 f6 27. Bh6+
Kg8 28. Bxf8 Rxf8 29. Rh6 g5 30. Reh1 Kf7 31. c4 dxc4 32. dxc4 Ke8 33. Rh8 Ke7
34. Bxc6 Bxc6 35. R1h7+ 1-0

[Event "Floripa Chess Open 2024"]
[Site "Florianopolis"]
[Date "2024.01.22"]
[Round "3.195"]
[White "Fonseca, Guilherme"]
[Black "Leite, Gina Dourado Rocha"]
[Result "1-0"]
[WhiteElo "1820"]
[BlackElo "1418"]
[PlyCount "40"]
[EventDate "2024.01.20"]
[EventRounds "10"]
[EventCountry "BRA"]

1. c4 e5 2. Nc3 Nf6 3. Nf3 Nc6 4. g3 Bc5 5. e3 d6 6. Bg2 O-O 7. O-O Re8 ({RR} 
7... Bb4 8. Nd5 Ba5 9. d4 Bg4 10. h3 Bh5 11. g4 Bg6 12. dxe5 Nxe5 13. Nxe5 dxe5
14. b4 Nxd5 15. bxa5 Nb4 16. Ba3 Qe7 17. a6 Rab8 18. axb7 c5 19. Bxb4 cxb4 20.
Bd5 Rfd8 21. Qf3 Bd3 22. Rfc1 {Timofeev,A (2664)-Sokolov,I (2690) Sarajevo
2008 1/2-1/2 (32)}) 8. d4 ({RR} 8. b3 Bf5 9. d4 Bb6 10. Bb2 Bg4 11. dxe5 Nxe5
12. h3 Nxf3+ 13. Bxf3 Bxh3 14. Bxb7 Bxf1 15. Bxa8 Qxa8 16. Qxf1 Rxe3 17. fxe3
Bxe3+ 18. Kh2 Ng4+ 19. Kh3 Nf2+ 20. Kh2 Ng4+ 21. Kh3 Nf2+ {1/2-1/2 (21)
Matamoros Franco,C (2486)-Potula,K (2015) Forth Worth 2017}) 8... exd4 9. exd4
Bb4 10. Nd5 $146 ({RR} 10. Bd2 a6 11. a3 Bxc3 12. Bxc3 Qe7 13. Re1 Qd7 14. Qc2
h6 15. d5 Ne7 16. Bxf6 gxf6 17. Qc3 Qf5 18. Re3 Qh5 19. Qxf6 Bf5 20. Rxe7 Rxe7
21. Qxe7 Rf8 22. Qxc7 b5 23. cxb5 axb5 24. Qxd6 Bg6 {Stevanovic,J-Gavrilovic,T
Nis 2013 1-0 (38)}) 10... Nxd5 11. cxd5 Ne7 12. h3 Nxd5 13. Qb3 Be6 14. Ng5 Qf6
15. Nxe6 Qxe6 16. Qxd5 Qxd5 17. Bxd5 Ba5 18. Bxb7 Rab8 19. Bc6 Re7 20. Be3 Rxb2
1-0

[Event "Floripa Chess Open 2024"]
[Site "Florianopolis"]
[Date "2024.01.22"]
[Round "3.196"]
[White "Costa Neto, Luis Antonio"]
[Black "Dos Santos, Rafaela Alves"]
[Result "0-1"]
[WhiteElo "1415"]
[BlackElo "1800"]
[PlyCount "48"]
[EventDate "2024.01.20"]
[EventRounds "10"]
[EventCountry "BRA"]

1. e4 {Blatny,P} e5 2. d3 Nf6 3. g3 d5 4. exd5 ({RR} 4. Nd2 dxe4 5. dxe4 Bc5 6.
h3 ({RR} 6. Bg2 Ng4 7. Nh3 Bxf2+ 8. Nxf2 Ne3 9. Qf3 Nxc2+ 10. Kd1 Nxa1) 6...
O-O 7. Ngf3 Qe7 8. Bg2 Rd8 9. Nh4 Be6 ({RR} 9... g6 10. Qe2 Nc6 11. c3 Ne8) 10.
O-O Qd7 11. g4 ({RR} 11. Kh2) 11... Nc6 12. c3 a5 13. Re1 Qd3 14. Nf5 ({RR} 14.
Bf1 Qg3+) 14... g6 15. Bf1 Qd7 16. Ng3 h5 17. gxh5 ({RR} 17. g5 h4 18. Ne2 ({RR
} 18. Nh1 Nh7) 18... Nh7) 17... Bxh3 18. hxg6 ({RR} 18. Bxh3 Qxh3 19. Qf3 Ng4)
18... fxg6 {Lukin,A (2445)-Panchenko,A (2490) Moscow 1991 URS-ch [Blatny,P] 0-1
}) ({RR} 4. Qe2 dxe4 5. dxe4 Nc6 6. c3 Bg4 7. Nf3 Qd7 8. h3 Bxf3 9. Qxf3 O-O-O
10. Nd2 Bc5 11. Bg2 h5 12. O-O Qd3 13. Re1 Qc2 14. Nf1 Kb8 15. Ne3 Bxe3 16.
Bxe3 Qxb2 17. Reb1 Qc2 18. a4 Rd6 {Safranska,A (2211)-Dornbusch,T (2283)
Angouleme FRA 2018 0-1 (82)}) 4... Nxd5 5. Bg2 Nc6 6. Ne2 $146 ({RR} 6. Nc3 Be6
7. Nge2 Qd7 8. Be3 Nxe3 9. fxe3 h5 10. Qd2 O-O-O 11. O-O-O g6 12. d4 exd4 13.
Nxd4 Nxd4 14. Qxd4 Qxd4 15. exd4 h4 16. d5 Bf5 17. Nb5 Bd7 18. Nd4 hxg3 19.
hxg3 Bd6 20. Rhf1 Rdf8 {Gorecka,J (2042)-Tekielak,I (2110) Ustron 2004 0-1})
6... Bc5 7. h3 a6 8. a4 Be6 9. O-O O-O 10. Nd2 Re8 11. Ne4 Ba7 12. Kh2 h6 13.
N2c3 b5 14. Nd2 Nxc3 15. bxc3 Bd5 16. Nf3 e4 17. Nh4 Qf6 18. dxe4 Bxe4 19. f3
Rad8 20. Qe2 Bd3 21. Qd1 Be2 22. Qe1 Rd1 23. Qxd1 Bxd1 24. Rxd1 g5 0-1

[Event "Floripa Chess Open 2024"]
[Site "Florianopolis"]
[Date "2024.01.22"]
[Round "3.197"]
[White "Goncalves, Eduardo Moutinho"]
[Black "Esteves Neto, Antonio Francisco"]
[Result "1/2-1/2"]
[WhiteElo "1414"]
[BlackElo "1800"]
[PlyCount "108"]
[EventDate "2024.01.20"]
[EventRounds "10"]
[EventCountry "BRA"]

1. e4 c5 2. Nf3 e6 3. d4 cxd4 4. Nxd4 Nc6 5. Nc3 a6 6. Bf4 d6 7. Nxc6 bxc6 8.
Be2 ({RR} 8. Qd2 e5 9. Bg5 Nf6 10. O-O-O h6 11. Bh4 Be6 12. Be2 a5 13. Kb1 Rb8
14. Ka1 Qb6 15. b3 Qb4 16. f3 Be7 17. Na4 O-O 18. Bxf6 Qxd2 19. Rxd2 gxf6 20.
g4 d5 21. Rhd1 h5 22. h3 hxg4 {Tari,A (2639)-Carlsen,M (2847) Krasnaya Polyana
RUS 2021 0-1 (75)}) ({RR} 8. Qd2 e5 9. Bg5 Qc7 10. Bc4 h6 11. Bh4 g5 12. Bg3
Nf6 13. h4 g4 14. h5 Be6 15. Bxe6 fxe6 16. O-O-O Qf7 17. Qe2 Be7 18. f3 Nxh5
19. Bh4 gxf3 20. gxf3 Bxh4 21. Rxh4 Nf4 22. Qc4 Qd7 {Navarrete Mendez,G (2189)
-Klekowski,M (2477) chess.com INT 2024 1-0 (31)}) 8... Nf6 $146 ({RR} 8... Be7
9. Bg3 d5 10. O-O Nf6 11. e5 Nd7 12. Na4 Nb6 13. c4 O-O 14. Nc3 Bb7 {1/2-1/2  
(14) Mozharov,M (2542)-Movsesian,S (2635) Pardubice CZE 2018}) ({RR} 8... e5 9.
Bg3 Nf6 10. O-O Be7 11. Qd2 O-O 12. f4 Qc7 13. f5 Qb6+ 14. Kh1 Qxb2 15. Rab1
Qa3 16. Rb3 Qa5 17. Bf2 Qc7 18. Bb6 Qd7 19. Rf3 Re8 20. Rg3 c5 21. Qg5 Bf8 22.
Qxf6 Kh8 23. Qh4 {Anghel,T (1213)-Klaska,P Kouty nad Desnou 2017 1-0}) 9. O-O
d5 10. exd5 exd5 11. Re1 Be7 12. Bd3 O-O 13. a3 Bd6 14. Bxd6 Qxd6 15. h3 a5 16.
Qe2 Rb8 17. b3 Be6 18. Qd2 h6 19. Ne2 c5 20. Nf4 Bd7 21. Bf1 a4 22. Rab1 Rfe8
23. Ne2 Ne4 24. Qf4 Qxf4 25. Nxf4 d4 26. bxa4 Rxb1 27. Rxb1 Nc3 28. Rb7 Bxa4
29. Bc4 Re1+ 30. Kh2 Be8 31. Rc7 Nb1 32. Rxc5 Nxa3 33. Bb3 Nb5 34. Nd5 Nd6 35.
Nc7 Re7 36. Nxe8 Rxe8 37. Rd5 Ne4 38. f3 Nd2 39. Rxd4 Nxb3 40. cxb3 Rb8 41. b4
Kf8 42. Kg3 Ke7 43. Kf4 Ra8 44. b5 Rb8 45. Rb4 Kd6 46. b6 Kc5 47. Rb2 Rxb6 48.
Rxb6 Kxb6 49. Ke5 Kc6 50. g4 Kd7 51. f4 Ke7 52. h4 g6 53. g5 hxg5 54. hxg5 Ke8
1/2-1/2

[Event "Floripa Chess Open 2024"]
[Site "Florianopolis"]
[Date "2024.01.22"]
[Round "3.198"]
[White "Barbetta Silva, Maria Eduarda"]
[Black "Nascimento, Bianca Alencar De S"]
[Result "0-1"]
[WhiteElo "1800"]
[BlackElo "1389"]
[PlyCount "74"]
[EventDate "2024.01.20"]
[EventRounds "10"]
[EventCountry "BRA"]

1. d4 Nf6 2. Nf3 e6 3. e3 d5 4. Bd3 c5 5. b3 Nc6 6. a3 cxd4 7. exd4 Bd6 8. Bb2
Qc7 ({RR} 8... O-O 9. O-O b6 10. Ne5 Ne7 11. Nd2 Bb7 12. Qe2 Ng6 13. f4 Rc8 14.
Rae1 Qc7 15. Qf3 Ne4 16. Qe2 Nc3 17. Qh5 Ne4 18. Bc1 Qc3 19. Ndf3 Rc7 20. Be3
Rfc8 21. Bxe4 dxe4 22. Ng5 h6 23. Nxe6 {Stefanova,A (2489)-Zhukova,N (2459)
Khanty-Mansiysk 2014 1-0 (38)}) ({RR} 8... O-O 9. O-O Re8 10. Ne5 Qc7 11. Qe2
Nd7 12. Bxh7+ Kf8 13. f4 g6 14. Bxg6 fxg6 15. Nxg6+ Kg7 16. Ne5 Nf6 17. Qd3 Kf8
18. Rf3 Ke7 19. c4 b6 20. Nc3 Nxd4 21. Nxd5+ exd5 22. Bxd4 Bc5 23. Re1 {
Araujo,R (2062)-Branco,J (1778) Florianopolis BRA 2024 0-1 (39)}) 9. Qe2 Nh5
$146 ({RR} 9... O-O 10. O-O b6 11. Ne5 Bb7 12. g4 Ne4 13. f3 Nxd4 14. Bxd4 Bxe5
15. Bxe5 Qxe5 16. Ra2 Qd4+ 17. Kg2 Nc5 18. Rd1 Qf4 19. Nc3 Rac8 20. Qf2 d4 21.
Ne2 Qxg4+ 22. Ng3 Nxd3 23. Rxd3 e5 24. h3 {Wang,P (1971)-Christensen,H (2026)
Borup 2012 0-1 (49)}) ({RR} 9... O-O 10. O-O a6 11. c4 dxc4 12. bxc4 b6 13.
Nbd2 Bb7 14. Ne4 Nxe4 15. Qxe4 g6 16. Qh4 Be7 17. Ng5 h5 18. d5 Qd8 ({RR} 18...
Ne5 19. Qg3 Bd6 20. f4 Nxd3 21. Nxe6 Bc5+ 22. Kh1 Nf2+ 23. Rxf2 Bxf2 24. Qg5)
19. Qxh5 {1-0 (19) Koblencs,A-Jameson,F Margate 1936}) 10. c4 Nf4 11. Qf1 O-O
12. Bc1 Nxd3+ 13. Qxd3 dxc4 14. bxc4 e5 15. d5 Na5 16. Nbd2 f5 17. Qe2 Bd7 18.
O-O e4 19. Nd4 Bxh2+ 20. Kh1 Be5 21. Bb2 Rf6 22. g3 a6 23. Rac1 b6 24. Bc3 Nb7
25. N4b3 Bxc3 26. Rxc3 Qe5 27. Re3 a5 28. Kg1 a4 29. Nc1 Nc5 30. Na2 Rg6 31.
Rf3 Qb2 32. Rb1 exf3 33. Rxb2 fxe2 34. Nf3 Re8 35. Ne1 f4 36. Nc3 f3 37. Rb1
Bg4 0-1

[Event "Floripa Chess Open 2024"]
[Site "Florianopolis"]
[Date "2024.01.22"]
[Round "3.199"]
[White "Mantovani, Helio Cardoso"]
[Black "Friedrich, Augusto Johannpeter"]
[Result "1/2-1/2"]
[WhiteElo "1382"]
[BlackElo "1800"]
[PlyCount "60"]
[EventDate "2024.01.20"]
[EventRounds "10"]
[EventCountry "BRA"]

1. e4 e5 2. Nc3 Nf6 3. g3 Nc6 4. Bg2 d6 5. b3 $146 ({RR} 5. h3 Be6 6. Nd5 Bxd5
7. exd5 Nb4 8. d4 exd4 9. c4 Qe7+ 10. Kf1 O-O-O 11. a3 Na6 12. Nf3 Nc5 13. Nxd4
a6 14. b4 Nce4 15. Nc6 bxc6 16. dxc6 Nc3 17. Qd4 Qe2+ 18. Kg1 Qd1+ 19. Qxd1
Nxd1 {Addicks,J-Boer,A Netherlands 1930 0-1 (53)}) ({RR} 5. d3 Be7 6. Nge2 Be6
7. f4 exf4 8. Nxf4 Bg4 9. Qd2 O-O 10. h3 Bc8 11. d4 Nb8 12. O-O Na6 13. Kh2 c6
14. Nd1 d5 15. exd5 Nxd5 16. Nxd5 cxd5 17. c3 Be6 18. Nf2 Bd6 19. Nd3 Nc7 {
Jakubowski,K (2506)-Bove,A (2377) Warsaw 2010 1-0 (54)}) ({RR} 5. d3 Bg4 6.
Nge2 Bd7 7. f4 Ng4 8. h3 Nf6 9. Be3 Nb4 10. a3 Na6 11. Qd2 c6 12. O-O-O Be7 13.
g4 c5 14. g5 Nh5 15. Nd5 f6 16. Bf3 g6 17. Bxh5 gxh5 18. h4 Bg4 19. Rde1 Bf3 {
Sharaf,H-Ramla Mohamed Elmi Chennai IND 2022 1-0 (33)}) ({RR} 5. d3 g6 6. Bg5
Be7 7. Nge2 Bg4 8. Qd2 Qd7 9. h3 Bxe2 10. Nxe2 Nd8 11. d4 Ne6 12. Bh6 Bf8 13.
Bxf8 Nxf8 14. dxe5 dxe5 15. Qg5 Qe7 16. O-O-O h6 17. Qe3 N8d7 18. Nc3 Qc5 19.
Qxc5 Nxc5 {Patino,R-Simonsen,I Buenos Aires 1978 1/2-1/2 (37)}) 5... Be7 6.
Nge2 O-O 7. d3 Bd7 8. Be3 a6 9. O-O Qc8 10. Kh1 h6 11. f4 exf4 12. Nxf4 Be6 13.
Ncd5 Bxd5 14. exd5 Ne5 15. Nh5 Nxh5 16. Qxh5 Ng6 17. Be4 Kh7 18. g4 Kg8 19.
Bxg6 fxg6 20. Qxg6 Qe8 21. Rxf8+ Bxf8 22. Qxe8 Rxe8 23. Re1 g6 24. Kg2 h5 25.
Bd2 Rxe1 26. Bxe1 c6 27. dxc6 bxc6 28. Kf3 Kf7 29. c3 Kf6 30. h4 Bg7 1/2-1/2

[Event "Floripa Chess Open 2024"]
[Site "Florianopolis"]
[Date "2024.01.22"]
[Round "3.200"]
[White "Koinski, Carlos Cesar"]
[Black "Mamede, Miguel Rodrigues"]
[Result "1-0"]
[WhiteElo "1371"]
[BlackElo "1800"]
[PlyCount "63"]
[EventDate "2024.01.20"]
[EventRounds "10"]
[EventCountry "BRA"]

1. c4 e5 2. Nf3 Nc6 3. d3 Nf6 4. Nc3 Bb4 5. Bd2 O-O 6. a3 Bxc3 7. Bxc3 d6 ({RR
} 7... Re8 8. e4 d6 9. Be2 Bg4 10. O-O Bxf3 11. Bxf3 Nd7 12. b4 a5 13. Qd2 Nb6
14. b5 Nd4 15. Bxd4 exd4 16. e5 d5 17. Qf4 dxc4 18. Bxb7 Rb8 19. Bc6 Re7 20.
Rfe1 Re6 21. dxc4 Nxc4 22. Re4 {Timofeev,A (2659)-Volokitin,A (2695) Warsaw
2011 1/2-1/2 (53)}) ({RR} 7... e4 8. dxe4 Nxe4 9. Qc2 Re8 10. e3 d6 {1/2-1/2  
(10) Leisch,L (2378)-Lalic,B (2392) Marianske Lazne CZE 2023}) 8. e4 Be6 $146 (
{RR} 8... Bg4 9. Be2 Qe7 10. Nd2 Bd7 11. O-O Nd4 12. Bxd4 exd4 13. f4 c5 14. b4
b6 15. b5 a6 16. a4 Ra7 17. Bf3 Re8 18. Kh1 h6 19. h3 Nh7 20. g4 Bc8 21. Kg2
Nf8 22. Qe1 Ng6 23. Qg3 {Musil,M (1918)-Jandovsky,V (2165) Czechia 2010 1/2-1/2
}) ({RR} 8... Bg4 9. h3 Bxf3 10. Qxf3 Nd7 11. Qg3 f6 12. Be2 Nc5 13. Bg4 Nb3
14. Rd1 Ncd4 15. O-O a5 16. f4 c6 17. Kh1 Kh8 18. h4 Qe7 19. Rde1 Qf7 20. Qh3
b6 21. h5 Rab8 22. Bd1 b5 23. fxe5 {Voicu,C (2247)-Martinez,A (2099) Tornelo
INT 2020 1-0 (42)}) 9. h3 Ne7 10. Be2 c5 11. b4 b6 12. b5 a6 13. a4 Ng6 14. Bd2
h6 15. Qc1 Kh7 16. Be3 Nh5 17. g3 f5 18. exf5 Bxf5 19. g4 Bxd3 20. gxh5 Nf4 21.
Bxf4 Bxe2 22. Qc2+ Kh8 23. Qxe2 exf4 24. O-O-O Qf6 25. Qb2 Rae8 26. Qxf6 Rxf6
27. Nh4 Re4 28. Rhe1 Rxc4+ 29. Kb2 Kg8 30. Ng6 Rxg6 31. hxg6 Kf8 32. Rxd6 1-0

[Event "Floripa Chess Open 2024"]
[Site "Florianopolis"]
[Date "2024.01.22"]
[Round "3.201"]
[White "Vaz, Pedro Henrique Lins"]
[Black "Oga, Dora Mantelle"]
[Result "1-0"]
[WhiteElo "1359"]
[BlackElo "1800"]
[PlyCount "69"]
[EventDate "2024.01.20"]
[EventRounds "10"]
[EventCountry "BRA"]

1. e4 c5 2. c3 Nf6 3. e5 Nd5 4. Nf3 e6 5. Bc4 Nb6 6. Bb3 Nc6 7. d4 ({RR} 7. O-O
d6 8. exd6 c4 9. Bc2 e5 10. d4 cxd3 11. Qxd3 Qxd6 12. Qe2 Bg4 13. Nbd2 Be7 14.
h3 Bh5 15. Re1 f6 16. Ne4 Qc7 17. Ng3 Bf7 18. Nf5 Bf8 19. a4 O-O-O 20. Ne3 g6
21. a5 Nd5 {Areshchenko,A (2673)-Popov,I (2541) Moscow 2009 1/2-1/2 (70)}) 7...
c4 $146 ({RR} 7... d6 8. dxc5 dxc5 9. Qe2 Be7 10. O-O O-O 11. Rd1 Qc7 12. Na3
a6 13. Bf4 Nd5 14. Bxd5 exd5 15. Rxd5 Be6 16. Rd2 b5 17. Nc2 Rfd8 18. Ne3 c4
19. Rad1 Na5 20. Nd5 Qb7 21. Nxe7+ Qxe7 22. Bg5 {Urazayev,A (2478)
-Senthilkumar,P (1854) chess.com INT 2023 1-0 (33)}) ({RR} 7... d5 8. O-O Bd7
9. Re1 a5 10. a3 Be7 11. Nbd2 O-O 12. Nf1 h6 13. Bc2 c4 14. Bb1 h5 15. Ng3 h4
16. Nh5 g6 17. Qd2 Re8 18. Qf4 Qc7 19. Qh6 Bf8 {1-0 (19) Mamedov,R (2646)
-Borgaonkar,A (2163) chess.com INT 2022}) 8. Bc2 Be7 9. O-O O-O 10. Nbd2 f6 11.
Re1 Qc7 12. Qe2 fxe5 13. Nxc4 d5 14. Ncxe5 Nxe5 15. Nxe5 Bd6 16. Bxh7+ Kxh7 17.
Qh5+ Kg8 18. Ng6 Bxh2+ 19. Qxh2 Qxh2+ 20. Kxh2 Rxf2 21. Nf4 Kf7 22. Re2 Rxe2
23. Nxe2 Bd7 24. Bf4 Nc4 25. b3 Rh8+ 26. Kg1 Nb6 27. Rf1 Ke7 28. Be5 Rh7 29.
Nf4 Be8 30. Bb8 Nc8 31. Re1 Kf7 32. Nxe6 Kf6 33. Nxg7 Kxg7 34. Rxe8 Nb6 35.
Re7+ 1-0

[Event "Floripa Chess Open 2024"]
[Site "Florianopolis"]
[Date "2024.01.22"]
[Round "3.202"]
[White "Gurski, Guilherme Rybu"]
[Black "Van Riemsdijk, Ian C Emiliano"]
[Result "1/2-1/2"]
[WhiteElo "1354"]
[BlackElo "1800"]
[PlyCount "86"]
[EventDate "2024.01.20"]
[EventRounds "10"]
[EventCountry "BRA"]

1. c4 e5 2. Nc3 Nf6 3. Nf3 d6 4. d3 h6 5. g3 b6 6. Bg2 Bb7 7. O-O Nbd7 8. Bd2
$146 ({RR} 8. e3 Be7 9. Qc2 O-O 10. Bd2 Nh7 11. a4 f5 12. b4 c6 13. Ne1 Qc7 14.
b5 Rac8 15. Qa2 Kh8 16. Nc2 Bf6 17. Nb4 Nb8 18. bxc6 Bxc6 19. Nb5 Qd7 20. Nxc6
Nxc6 21. Bd5 e4 22. d4 Ne7 {Schmidtke,H (1561)-Merschkoetter,P (1655) Germany
2003 1/2-1/2}) 8... c6 9. Rb1 d5 10. cxd5 Nxd5 11. Nxd5 cxd5 12. Rc1 Bd6 13. b4
Qe7 14. Qb3 Nf6 15. Rc2 O-O 16. Rfc1 Rfc8 17. Nh4 Qe6 18. a4 g5 19. Nf3 Rxc2
20. Rxc2 Rc8 21. h4 Rxc2 22. Qxc2 Nh7 23. hxg5 e4 24. Nd4 Qe5 25. Bf4 Qxd4 26.
Bxd6 exd3 27. Qxd3 Qxd3 28. exd3 hxg5 29. Bb8 a6 30. Ba7 b5 31. axb5 axb5 32.
Bh3 Bc6 33. Bc5 Nf6 34. Be7 Kg7 35. Bxf6+ Kxf6 36. d4 Kg6 37. g4 Kf6 38. Kg2
Ke6 39. Kg3 Bd7 40. f4 f6 41. Kf3 Kd6 42. Kg3 Ke7 43. Kf3 Kf7 1/2-1/2